Rozvoj hipoturistiky v regióne Podlasie (Poľsko)

Rozširovanie hipoturistiky a šírenie špecifického životného štýlu. Úcta k prírode, tradíciám a tolerancia a úcta k zvieratám. Pôvod hipoturistiky v Poľsku v Karpatoch. Syntetický pohľad na hipoturistiku v podleskom vojvodstve. Údaje o popularite hipoturistiky, možnostiach jej rozvoja, organizačných...

Descrizione completa

Salvato in:
Dettagli Bibliografici
Autore principale: Jalinik, Mikołaj
Natura: Capitolo di libro
Lingua:slovacco
Soggetti:
Tags: Aggiungi Tag
Nessun Tag, puoi essere il primo ad aggiungerne!!

MARC

LEADER 00000naa a2200000 4500
001 0150188
005 20231016074403.3
041 0 |a slo 
044 |a SK 
245 1 0 |a Rozvoj hipoturistiky v regióne Podlasie (Poľsko)  |c Mikołaj Jalinik 
520 |a Rozširovanie hipoturistiky a šírenie špecifického životného štýlu. Úcta k prírode, tradíciám a tolerancia a úcta k zvieratám. Pôvod hipoturistiky v Poľsku v Karpatoch. Syntetický pohľad na hipoturistiku v podleskom vojvodstve. Údaje o popularite hipoturistiky, možnostiach jej rozvoja, organizačných problémoch a význame v spoločenskom živote. 
610 2 0 |a ruch cestovný 
610 2 0 |a zvieratá 
610 2 0 |a mládež 
610 2 0 |a osoby zdravotne postihnuté 
610 2 0 |a rehabilitácia zdravotná 
610 2 0 |a Poľsko 
100 1 |a Jalinik, Mikołaj